Sveriges grod- och kräldjur - Statistics

General Stats
  • This quiz has been taken 3 times
  • The average score is 12 of 19
Answer Stats
Answer % Correct
Hasselsnok
100%
Huggorm
100%
Snok
100%
Vanlig groda
100%
Vanlig padda
100%
Åkergroda
67%
Ätlig groda
67%
Kopparödla
67%
Lökgroda
67%
Lövgroda
67%
Mindre vattensalamander
67%
Sandödla
67%
Skogsödla
67%
Större vattensalamander
67%
Gölgroda
33%
Grönfläckig padda
33%
Klockgroda
33%
Strandpadda
33%
Långbensgroda
0%
No matching quizzes found
Score Distribution
Percent of People with Each Score
Percentile by Number Answered
Your Score History
You have not taken this quiz